[Event "Team Championship (women blitz)"]
[Site "Sochi"]
[Date "2017.10.05"]
[Round "10.10"]
[White "Nebolsina, Vera"]
[Black "Girya, Olga"]
[Result "1-0"]
[LiveChessVersion "1.4.8"]
[BlackElo "2338"]
[WhiteElo "2176"]

1. e4 {[%clk 0:03:00]} c6 {[%clk 0:03:04]} 2. d4 {[%clk 0:03:01]} d5
{[%clk 0:03:05]} 3. exd5 {[%clk 0:03:01]} cxd5 {[%clk 0:03:06]} 4. Bd3
{[%clk 0:03:01]} Nc6 {[%clk 0:03:06]} 5. c3 {[%clk 0:03:00]} Nf6 {[%clk 0:03:08]}
6. Bf4 {[%clk 0:02:55]} Bg4 {[%clk 0:03:08]} 7. Qb3 {[%clk 0:02:55]} Qd7
{[%clk 0:03:08]} 8. Nd2 {[%clk 0:02:49]} e6 {[%clk 0:03:09]} 9. Ngf3
{[%clk 0:02:50]} Bxf3 {[%clk 0:03:09]} 10. Nxf3 {[%clk 0:02:49]} Bd6
{[%clk 0:03:10]} 11. Be5 {[%clk 0:02:21]} Be7 {[%clk 0:02:36]} 12. h3
{[%clk 0:01:50]} O-O {[%clk 0:02:33]} 13. Bh2 {[%clk 0:01:50]} Bd6
{[%clk 0:02:25]} 14. Ne5 {[%clk 0:01:30]} Qc7 {[%clk 0:02:21]} 15. f4
{[%clk 0:01:24]} Rab8 {[%clk 0:02:12]} 16. O-O {[%clk 0:01:22]} b5
{[%clk 0:01:54]} 17. a3 {[%clk 0:01:22]} Na5 {[%clk 0:01:49]} 18. Qc2
{[%clk 0:01:15]} Nc4 {[%clk 0:01:47]} 19. Rae1 {[%clk 0:01:12]} a5
{[%clk 0:01:26]} 20. Qe2 {[%clk 0:01:10]} Rfe8 {[%clk 0:00:56]} 21. g4
{[%clk 0:01:02]} Nd7 {[%clk 0:00:56]} 22. g5 {[%clk 0:00:56]} Nf8
{[%clk 0:00:49]} 23. Kh1 {[%clk 0:00:43]} b4 {[%clk 0:00:50]} 24. axb4
{[%clk 0:00:42]} axb4 {[%clk 0:00:51]} 25. Bxc4 {[%clk 0:00:31]} dxc4
{[%clk 0:00:52]} 26. Nxc4 {[%clk 0:00:32]} bxc3 {[%clk 0:00:46]} 27. bxc3
{[%clk 0:00:32]} Rb3 {[%clk 0:00:44]} 28. Nxd6 {[%clk 0:00:30]} Qxd6
{[%clk 0:00:45]} 29. Qf3 {[%clk 0:00:29]} Rc8 {[%clk 0:00:38]} 30. f5
{[%clk 0:00:23]} Qd5 {[%clk 0:00:38]} 31. Qxd5 {[%clk 0:00:21]} exd5
{[%clk 0:00:40]} 32. Rf3 {[%clk 0:00:21]} Rbxc3 {[%clk 0:00:37]} 33. Rxc3
{[%clk 0:00:21]} Rxc3 {[%clk 0:00:38]} 34. Re8 {[%clk 0:00:21]} Rxh3
{[%clk 0:00:14]} 35. Kg2 {[%clk 0:00:22]} Rh5 {[%clk 0:00:12]} 36. Bd6
{[%clk 0:00:18]} Rxg5+ {[%clk 0:00:13]} 37. Kh3 {[%clk 0:00:19]} h5
{[%clk 0:00:10]} 38. Rxf8+ {[%clk 0:00:19]} Kh7 {[%clk 0:00:11]} 39. Rxf7
{[%clk 0:00:20]} Rg4 {[%clk 0:00:09]} 40. Be5 {[%clk 0:00:19]} Kg8
{[%clk 0:00:10]} 41. Rd7 {[%clk 0:00:17]} Rg5 {[%clk 0:00:10]} 42. Kh4
{[%clk 0:00:16]} Rxf5 {[%clk 0:00:08]} 43. Rxg7+ {[%clk 0:00:17]} Kf8
{[%clk 0:00:09]} 44. Rg5 {[%clk 0:00:15]} Rf1 {[%clk 0:00:06]} 45. Kxh5
{[%clk 0:00:16]} Kf7 {[%clk 0:00:04]} 46. Rg7+ {[%clk 0:00:17]} Ke6
{[%clk 0:00:05]} 47. Rg6+ {[%clk 0:00:18]} Kf7 {[%clk 0:00:06]} 48. Rd6
{[%clk 0:00:19]} Rh1+ {[%clk 0:00:07]} 49. Kg4 {[%clk 0:00:19]} Rg1+
{[%clk 0:00:07]} 50. Kf3 {[%clk 0:00:21]} Rf1+ {[%clk 0:00:04]} 51. Ke2
{[%clk 0:00:22]} Ra1 {[%clk 0:00:05]} 52. Rxd5 {[%clk 0:00:22]} Ke6
{[%clk 0:00:06]} 53. Rd6+ {[%clk 0:00:23]} Kf5 {[%clk 0:00:07]} 54. Rf6+
{[%clk 0:00:25]} Ke4 {[%clk 0:00:09]} 55. Rf4+ {[%clk 0:00:26]} Kd5
{[%clk 0:00:10]} 56. Rf8 {[%clk 0:00:23]} Ke4 {[%clk 0:00:11]} 57. Rd8
{[%clk 0:00:22]} Ra2+ {[%clk 0:00:11]} 58. Kf1 {[%clk 0:00:22]} Kf3
{[%clk 0:00:11]} 59. Rf8+ {[%clk 0:00:23]} Ke4 {[%clk 0:00:13]} 60. Rf2
{[%clk 0:00:24]} Ra8 {[%clk 0:00:10]} 61. Kg2 {[%clk 0:00:22]} Rg8+
{[%clk 0:00:10]} 62. Kh3 {[%clk 0:00:23]} Rg1 {[%clk 0:00:09]} 63. Rg2
{[%clk 0:00:23]} Ra1 {[%clk 0:00:09]} 64. Kg4 {[%clk 0:00:24]} Ra8
{[%clk 0:00:08]} 65. Re2+ {[%clk 0:00:25]} Kd5 {[%clk 0:00:09]} 66. Kf5
{[%clk 0:00:25]} Ra1 {[%clk 0:00:05]} 67. Kf6 {[%clk 0:00:22]} Rf1+
{[%clk 0:00:05]} 68. Ke7 {[%clk 0:00:22]} Ra1 {[%clk 0:00:06]} 69. Rc2
{[%clk 0:00:21]} Ra7+ {[%clk 0:00:07]} 70. Kf6 {[%clk 0:00:22]} Ra6+
{[%clk 0:00:08]} 71. Kf5 {[%clk 0:00:22]} Rc6 {[%clk 0:00:03]} 72. Rxc6
{[%clk 0:00:22]} 1-0

[Event "Team Championship (women blitz)"]
[Site "Sochi"]
[Date "2017.10.05"]
[Round "10.11"]
[White "Nechaeva, Marina"]
[Black "Shafigullina, Zarina"]
[Result "1-0"]
[LiveChessVersion "1.4.8"]
[BlackElo "2041"]
[WhiteElo "2347"]

1. d4 {[%clk 0:03:03]} Nf6 {[%clk 0:03:04]} 2. c4 e6 3. Nc3 {[%clk 0:03:05]} Bb4
{[%clk 0:03:06]} 4. Nf3 {[%clk 0:03:06]} O-O {[%clk 0:02:59]} 5. Bg5
{[%clk 0:03:07]} d5 {[%clk 0:02:59]} 6. cxd5 {[%clk 0:03:07]} exd5
{[%clk 0:02:59]} 7. e3 {[%clk 0:03:08]} c6 {[%clk 0:02:49]} 8. Bd3
{[%clk 0:03:04]} Be7 {[%clk 0:02:42]} 9. Qc2 {[%clk 0:03:02]} h6 {[%clk 0:02:42]}
10. Bf4 {[%clk 0:03:03]} Bg4 {[%clk 0:02:32]} 11. Ne5 {[%clk 0:03:03]} Be6
{[%clk 0:02:33]} 12. h3 {[%clk 0:03:03]} Nbd7 {[%clk 0:02:31]} 13. g4
{[%clk 0:03:03]} Nxe5 {[%clk 0:02:26]} 14. dxe5 {[%clk 0:03:03]} Nd7
{[%clk 0:02:25]} 15. Bg3 {[%clk 0:03:03]} Nc5 {[%clk 0:02:23]} 16. f4
{[%clk 0:03:03]} Nxd3+ {[%clk 0:02:17]} 17. Qxd3 {[%clk 0:03:03]} Qb6
{[%clk 0:02:11]} 18. O-O-O {[%clk 0:03:01]} Bc5 {[%clk 0:01:50]} 19. f5
{[%clk 0:02:35]} Bxe3+ {[%clk 0:01:39]} 20. Kb1 {[%clk 0:02:36]} Bd7
{[%clk 0:01:26]} 21. Na4 {[%clk 0:02:36]} Qb4 {[%clk 0:01:18]} 22. Qxe3
{[%clk 0:02:36]} Qxa4 {[%clk 0:01:18]} 23. Rd4 {[%clk 0:02:36]} Qa6
{[%clk 0:01:10]} 24. f6 {[%clk 0:02:28]} c5 {[%clk 0:00:51]} 25. Rdd1
{[%clk 0:02:05]} d4 {[%clk 0:00:37]} 26. Qf4 {[%clk 0:01:57]} g5 {[%clk 0:00:19]}
27. Qd2 {[%clk 0:01:54]} Bc6 {[%clk 0:00:16]} 28. Rh2 {[%clk 0:01:48]} Be4+
{[%clk 0:00:15]} 29. Ka1 {[%clk 0:01:48]} Bd5 {[%clk 0:00:16]} 30. b3
{[%clk 0:01:27]} Bxb3 {[%clk 0:00:16]} 31. Rb1 {[%clk 0:01:28]} Be6
{[%clk 0:00:12]} 32. h4 {[%clk 0:01:29]} Qa3 {[%clk 0:00:09]} 33. hxg5
{[%clk 0:01:08]} Qxg3 {[%clk 0:00:08]} 34. Rxh6 {[%clk 0:01:08]} Qc3+
{[%clk 0:00:09]} 35. Qxc3 {[%clk 0:01:09]} dxc3 {[%clk 0:00:04]} 36. Rbh1
{[%clk 0:01:10]} 1-0

[Event "Team Championship (women blitz)"]
[Site "Sochi"]
[Date "2017.10.05"]
[Round "10.12"]
[White "Markelova, Lubov"]
[Black "Kovanova, Baira"]
[Result "0-1"]
[LiveChessVersion "1.4.8"]
[BlackElo "2286"]
[WhiteElo "2068"]

1. Nf3 {[%clk 0:03:03]} Nf6 {[%clk 0:03:03]} 2. c4 {[%clk 0:03:04]} e6
{[%clk 0:03:04]} 3. g3 {[%clk 0:03:06]} b6 {[%clk 0:03:04]} 4. Bg2
{[%clk 0:03:06]} Bb7 {[%clk 0:03:05]} 5. O-O {[%clk 0:03:06]} Be7
{[%clk 0:03:06]} 6. Nc3 {[%clk 0:03:05]} O-O {[%clk 0:03:04]} 7. Re1
{[%clk 0:03:06]} d5 {[%clk 0:02:56]} 8. cxd5 {[%clk 0:03:04]} Nxd5
{[%clk 0:02:56]} 9. e4 {[%clk 0:03:04]} Nxc3 {[%clk 0:02:56]} 10. bxc3
{[%clk 0:03:05]} c5 {[%clk 0:02:53]} 11. d4 {[%clk 0:03:05]} cxd4
{[%clk 0:02:29]} 12. cxd4 {[%clk 0:03:05]} Nc6 {[%clk 0:02:24]} 13. Bf4
{[%clk 0:02:16]} Bb4 {[%clk 0:02:11]} 14. Re3 {[%clk 0:01:45]} h6
{[%clk 0:02:07]} 15. d5 {[%clk 0:01:33]} exd5 {[%clk 0:02:02]} 16. exd5
{[%clk 0:01:34]} Ne7 {[%clk 0:02:00]} 17. Ne5 {[%clk 0:00:58]} Nf5
{[%clk 0:01:28]} 18. Rd3 {[%clk 0:00:40]} Bc5 {[%clk 0:01:27]} 19. Nc6
{[%clk 0:00:36]} Qd7 {[%clk 0:01:15]} 20. Ne5 {[%clk 0:00:34]} Qd8
{[%clk 0:01:15]} 21. Qg4 {[%clk 0:00:26]} Bc8 {[%clk 0:01:06]} 22. Nc6
{[%clk 0:00:17]} Qf6 {[%clk 0:01:05]} 23. Be5 {[%clk 0:00:15]} h5
{[%clk 0:00:36]} 24. Bxf6 {[%clk 0:00:08]} hxg4 {[%clk 0:00:37]} 25. Be5
{[%clk 0:00:08]} Bd7 {[%clk 0:00:36]} 26. Nd4 {[%clk 0:00:06]} Nd6
{[%clk 0:00:34]} 27. Bxd6 {[%clk 0:00:05]} Bxd6 {[%clk 0:00:35]} 28. Ne2
{[%clk 0:00:05]} Rfe8 {[%clk 0:00:36]} 29. Nf4 {[%clk 0:00:06]} Rac8
{[%clk 0:00:34]} 30. Rdd1 {[%clk 0:00:06]} Rc2 {[%clk 0:00:35]} 31. a4
{[%clk 0:00:04]} Bc5 {[%clk 0:00:35]} 32. Nd3 {[%clk 0:00:05]} Bd4
{[%clk 0:00:36]} 33. Rac1 {[%clk 0:00:05]} Ra2 {[%clk 0:00:32]} 34. Rc7
{[%clk 0:00:04]} Bf5 {[%clk 0:00:31]} 35. Nf4 {[%clk 0:00:04]} Bxf2+ 36. Kh1 Bc5
{[%clk 0:00:31]} 37. d6 {[%clk 0:00:06]} Bxd6 {[%clk 0:00:28]} 38. Rb7
{[%clk 0:00:00]} Bxf4 {[%clk 0:00:28]} 0-1